Principale origine des immigrés des pays d'Europe - Statistiques

Statistiques générales
  • Ce quiz a été pris 145 fois
    78 depuis la dernière actualisation
  • Le résultat moyen est 15 sur 44
Statistiques - réponses
Pays Origine principale % Correct
France Algérie
90%
Espagne Maroc
75%
Andorre Espagne
67%
Belgique Maroc
63%
Biélorussie Russie
63%
Autriche Allemagne
56%
Irlande Royaume-Uni
54%
Monaco France
49%
Allemagne Pologne
49%
Albanie Grèce
48%
Royaume-Uni Inde
46%
Vatican Italie
44%
Estonie Russie
41%
Bosnie-Herzégovine Croatie
40%
Saint-Marin Italie
40%
Liechtenstein Autriche
37%
Russie Ukraine
37%
Kosovo Albanie
35%
Portugal Brésil
33%
Lettonie Russie
33%
Ukraine Russie
33%
Grèce Albanie
32%
Hongrie Roumanie
30%
Suisse Allemagne
27%
Italie Roumanie
27%
Moldavie Ukraine
27%
Bulgarie Ukraine
25%
Monténégro Bosnie-Herzégovine
24%
Suède Syrie
24%
Malte Royaume-Uni
22%
Pologne Ukraine
22%
Macédoine du Nord Albanie
21%
Roumanie Moldavie
21%
Luxembourg Portugal
19%
Serbie Bosnie-Herzégovine
17%
Danemark Turquie
17%
République Tchèque Ukraine
17%
Pays-Bas Turquie
16%
Lituanie Ukraine
16%
Islande Pologne
13%
Finlande Ukraine
13%
Slovaquie Ukraine
13%
Slovénie Bosnie-Herzégovine
11%
Norvège Pologne
11%
Aucun quiz correspondant
Distribution des résultats
% des personnes avec chaque résultat
Percentile par nombre de réponses
Votre historique - résultats
Vous n’avez pas pris ce quiz depuis la dernière actualisation